Iceland... or Ireland? - Statistics

General Stats
  • This quiz has been taken 57,173 times
    56,349 since last reset
  • The average score is 10 of 15
Answer Stats
Question Answer % Correct
Has active volcanoes Iceland
95%
Uses the Krona as its currency Iceland
94%
Doesn't have any McDonald's franchises Iceland
91%
Vikings were the first known people to settle on the island Iceland
85%
Has one of the five lowest population densities of any country Iceland
83%
The name of its capital city can be loosely translated as "Smoke Bay" Iceland
79%
Its name evolves from an ancient goddess Ireland
74%
Its capital city is located on the eastern part of the island Ireland
68%
Is a parliamentary republic Both
63%
Has a life expectancy over 75 years Both
62%
Has multiple wins in the Eurovision song contest Ireland
56%
Has a per-capital GDP of at least $50,000 Both
53%
Is part of the European Union Ireland
45%
The temperature has never reached 40° Celsius (104° F) Both
43%
Was occupied by the British and Americans during WWII Iceland
43%
No matching quizzes found
Score Distribution
Percent of People with Each Score
Percentile by Number Answered
Your Score History
You have not taken this quiz since the last reset